000
00337 a2200157 4500
001
75127
020
_a
9788575296684
040
_c
Anchieta - Colégio São Paulo
100
_a
Lei, Alex
240
1
0
_a
A lenda de Uru
_l
por
245
1
0
_a
A lenda de Uru
300
_a
68
362
0
_a
2014
650
4
_a
Literatura juvenil
942
_c
BK
999
_c
75127
_d
75127